Život na dvoch scénach Elena Kittnarová

Bibliographic Details
Main Author: Ursínyová, Terézia, 1942- (Author)
Other Authors: Borodáčová, Magda (Photographer)
Format: Book
Language:Slovak
PhysicalDescription:161 strán fotografie 24 cm
Published: Bratislava ARM 333 2004
ISBN:8089069118
Edition:1. vyd.
Subjects:

MARC

LEADER 00000cam a2200000 a 4500
001 vtls001478846
003 SK-MaSNL
005 20260302073612.0
008 240226s2004 xo o grn 000 0bslo
015 |a SNBA2004/08-04730 
020 |a 8089069118 
035 |a SNK000434145 
035 |a urn:nbn:sk:snk-am3j2wh 
035 |a 346B8029-04DF-422C-9675-8F5599585BBA 
035 |a urn:nbn:sk:snk-am00gg1d 
040 |a SNK  |b slo  |c SNK  |e AACR2 
041 0 |a slo 
044 |a xo  |c SK 
072 7 |a 929  |x Biografie  |2 konspekt 
072 7 |a 78.07  |x Hudobníci, skladatelia a iné hudobné povolania  |2 konspekt 
080 |a 78.071.2  |2 1997 
080 |a 929 Kittnarová, Elena  |2 1997 
080 |a 78.071.2-055.2:782  |2 2011 
080 |a 929(092)  |2 2011 
100 1 |a Ursínyová, Terézia,  |d 1942-  |4 aut  |9 103725 
245 1 0 |a Život na dvoch scénach  |b Elena Kittnarová  |c Terézia Ursínyová ; [autori fotografií: Magda Borodáčová ... [et al.]] 
250 |a 1. vyd. 
260 |a Bratislava  |b ARM 333  |c 2004 
300 |a 161 strán  |b fotografie  |c 24 cm 
500 |a Fotografia na frontispice 
504 |a Bibliografia na strane 161 ; poznámky 
600 1 7 |a Kittnarová, Elena,  |d 1931-2012  |2 SNKMA  |9 111791 
650 0 7 |a operné speváčky  |2 SNKPH  |9 59402 
655 7 |a biografie  |2 SNKPH  |9 27965 
700 1 |a Borodáčová, Magda  |4 pht  |9 7370 
919 |a 80-89069-11-8 
958 |a NB 
958 |a BX 
958 |a OND 
999 |c 1161556  |d 1163486 
952 |t P60, <03>, [BOOK], {603}  |a SNK  |b SNK  |y PREZ  |7 0  |p 17A0437542  |o snkSC 116692  |i snkKSP 9673/2004  |0 0  |1 0  |4 0  |d 2004-07-21  |f 1  |l 0  |r 2025-10-16 00:00:00  |w 2026-02-24 
952 |t  snkKIT 78:929  |a SNKUST  |b SNKUST  |y PREZ  |7 0  |p 17A0437573  |o snkSC 116692 D1  |i snkKSP 9674/2004  |0 0  |1 0  |4 0  |d 2004-07-21  |l 0  |r 2025-04-28 00:00:00  |w 2026-02-24